000 00692nam a2200181 i 4500
001 164535
003 ES-MaACL
005 20231229063049.0
008 050801s1885 sp | |||||||| ||spa d
040 _aCAM
_bspa
_cCAM
100 1 _aSánchez, Miguel,
_d1833-1889
_9102411
245 1 0 _aCarta al Sr. Montaña acerca de la defensa de su obra sobre Felipe II /
_cpor Miguel Sánchez.
260 _aMadrid :
_b[s.n.],
_c1885 (
_fTipografía de Manuel G. Hernández)
300 _a57 p. ;
_c24 cm.
600 1 4 _aFernández Montaña, José.
_949934
852 _aES-MaACL
_jT-698-F-4
_z-- Enc. hol. conservando la cub. original
_z-- Enc. en un vol. facticio
999 _c164535
_d164535